Un jour de janvier, une personnalité - Statistiques

Statistiques générales
  • Ce quiz a été pris 82 fois
    26 depuis la dernière actualisation
  • Le résultat moyen est 12 sur 31
Statistiques - réponses
Jour Indice Réponse % Correct
4 janvier Physicien anglais connu pour sa sieste sous un pommier Isaac Newton
83%
12 janvier Entrepreneur américain, créateur d'Amazon Jeff Bezos
83%
3 janvier Activiste suédoise pour le climat Greta Thunberg
75%
2 janvier Footballeur français, que l'OM retient pour un certain but en 1993 Basile Boli
71%
9 janvier Seul président américain à avoir démissionné Richard Nixon
71%
7 janvier Footballeur belge qui a fait la joie de Chelsea avant de partir au Real Eden Hazard
67%
1er janvier Historien français, créateur des Jeux Olympiques Modernes Pierre de Coubertin
67%
25 janvier Comédien ukrainien devenu par la suite politique Volodymyr Zelensky
67%
20 janvier Deuxième homme à poser le pied sur la Lune Edwin "Buzz" Aldrin
58%
24 janvier Footballeur uruguayen aux dents longues Luis Suarez
58%
22 janvier Membre des Inconnus, qui répète le fameux "Stéphanie de Monaco" Didier Bourdon
50%
21 janvier Le plus célèbre des mystiques russes Grigory Raspoutine
50%
13 janvier Acteur britannique interprète de Legolas dans le Seigneur des Anneaux Orlando Bloom
46%
6 janvier Acteur anglais, célèbre interprète de Mr Bean et de Johnny English Rowan Atkinson
46%
15 janvier Homme politique égyptien au pouvoir après un coup d'Etat en 1952 Gamal Abdel Nasser
42%
18 janvier Ecrivain français auteur des Lettres Persanes Montesquieu
42%
8 janvier Célèbre cycliste français, premier à remporter 5 Tours de France Jacques Anquetil
29%
31 janvier Chanteur américain de Can't Stop This Feeling Justin Timberlake
29%
19 janvier Général confédéré qui se rendit à Grant à Appomattox Robert Lee
29%
5 janvier Dessinateur japonais, co-fondateur du Studio Ghibli Hayao Miyazaki
25%
30 janvier Homme politique américain qui cacha constamment sa paraplégie Franklin Roosevelt
21%
16 janvier Homme politique cubain renversé par le coup d'Etat de Castro en 1959 Fulgencio Batista
21%
17 janvier Présentateur américain à la moustache inimitable de Family Feud Steve Harvey
17%
14 janvier Médecin français d'origine allemande, créateur d'un hôpital à Lambaréné Albert Schweitzer
13%
29 janvier Dramaturge russe auteur de La Steppe et La Mouette Anton Tchekhov
13%
10 janvier Autre cycliste français, vainqueur du Tour de France 1975 et 1977 Bernard Thévenet
13%
23 janvier Rappeur américain, interprète de Lucid Dreams JuiceWRLD
13%
27 janvier Célèbre capitaine d'un bateau coulé par un iceberg en 1912 Edward Smith
8%
28 janvier Peintre américain aux toiles mouchetées Jackson Pollock
8%
11 janvier Homme politique français lié aux tentatives de décolonisation en Algérie Pierre Mendès-France
8%
26 janvier Célèbre hockeyeur canadien au numéro 99 désormais retiré Wayne Gretzky
4%
Aucun quiz correspondant
Distribution des résultats
% des personnes avec chaque résultat
Percentile par nombre de réponses
Votre historique - résultats
Vous n’avez pas pris ce quiz depuis la dernière actualisation